<?xml version="1.0" encoding="UTF-8"?><?xml-stylesheet type="text/xsl" href="static/style.xsl"?><OAI-PMH xmlns="http://www.openarchives.org/OAI/2.0/" xmlns:xsi="http://www.w3.org/2001/XMLSchema-instance" xsi:schemaLocation="http://www.openarchives.org/OAI/2.0/ http://www.openarchives.org/OAI/2.0/OAI-PMH.xsd"><responseDate>2026-04-17T14:37:48Z</responseDate><request verb="GetRecord" identifier="oai:www.recercat.cat:10459.1/63572" metadataPrefix="marc">https://recercat.cat/oai/request</request><GetRecord><record><header><identifier>oai:recercat.cat:10459.1/63572</identifier><datestamp>2024-12-05T22:35:44Z</datestamp><setSpec>com_2072_3622</setSpec><setSpec>col_2072_479130</setSpec></header><metadata><record xmlns="http://www.loc.gov/MARC21/slim" xmlns:dcterms="http://purl.org/dc/terms/" xmlns:xsi="http://www.w3.org/2001/XMLSchema-instance" xmlns:doc="http://www.lyncode.com/xoai" xsi:schemaLocation="http://www.loc.gov/MARC21/slim http://www.loc.gov/standards/marcxml/schema/MARC21slim.xsd">
   <leader>00925njm 22002777a 4500</leader>
   <datafield ind2=" " ind1=" " tag="042">
      <subfield code="a">dc</subfield>
   </datafield>
   <datafield ind2=" " ind1=" " tag="720">
      <subfield code="a">Fuertes Guiró, Ferran</subfield>
      <subfield code="e">author</subfield>
   </datafield>
   <datafield ind2=" " ind1=" " tag="260">
      <subfield code="c">2011-04-12T17:45:35Z</subfield>
   </datafield>
   <datafield ind2=" " ind1=" " tag="260">
      <subfield code="c">2001-04-27</subfield>
   </datafield>
   <datafield ind2=" " ind1=" " tag="260">
      <subfield code="c">1996-09-23</subfield>
   </datafield>
   <datafield ind2=" " ind1=" " tag="260">
      <subfield code="c">2001-04-27</subfield>
   </datafield>
   <datafield ind2=" " ind1=" " tag="520">
      <subfield code="a">Es planteja la hipòtesi que el SMS 201 o octreotide, derivat actiu de la somatostatina, posseeix efectes beneficiosos sobre l'oclusió i la isquemia intestinal d'aparició aguda, millorant les conseqüències de les alteracions fisiopatológiques i amb això verificar en quin mesura posseeix un determinat efecte terapeutic.&lt;br/>Per a això s'ha planificat un estudi experimental que ha comprès una avaluació bioquímico-clínica, morfològica i de supervivència en 6 patologies a través d'un protocol en el qual ha estat administrat l'octreotide com única opció terapeutica farmacològica.</subfield>
   </datafield>
   <datafield ind2=" " ind1=" " tag="520">
      <subfield code="a">Se plantea la hipótesis que el SMS 201 u octreotide, derivado activo de la somatostatina, posee efectos beneficiosos sobre la oclusión y la isquemia intestinal de aparición aguda, mejorando las consecuencias de las alteraciones fisiopatológicas y con ello verificar en qué medida posee un determinado efecto terapeútico.&lt;br/>Para ello se ha planificado un estudio experimental que ha comprendido una evaluación bioquímico-clínica, morfológica y de supervivencia en 6 patologías a través de un protocolo en el cual ha sido administrado el octreotide como única opción terapeútica farmacológica.</subfield>
   </datafield>
   <datafield ind1="8" ind2=" " tag="024">
      <subfield code="a">http://hdl.handle.net/10459.1/63572</subfield>
   </datafield>
   <datafield tag="653" ind2=" " ind1=" ">
      <subfield code="a">malalties</subfield>
   </datafield>
   <datafield tag="653" ind2=" " ind1=" ">
      <subfield code="a">intestins</subfield>
   </datafield>
   <datafield tag="653" ind2=" " ind1=" ">
      <subfield code="a">Ciències experimentals de la natura i la vida</subfield>
   </datafield>
   <datafield tag="653" ind2=" " ind1=" ">
      <subfield code="a">616.3</subfield>
   </datafield>
   <datafield ind2="0" ind1="0" tag="245">
      <subfield code="a">Oclusión e isquemia intestinal agudas: Estudio fisiopatológico y efectos del SMS 201-995 sobre las variaciones morfológicas, bioquímicas y de supervivencia en un modelo experimental</subfield>
   </datafield>
</record></metadata></record></GetRecord></OAI-PMH>